000
00350nam a2200145Ia 4500
008
240830s1901 xx 000 0 und d
041
_a
eng
082
_a
0 KHE
100
_a
KHEMRAJ SHRIKRISHNADAS
245
_a
RASARAJ MAHODDHIPANCHO BHAG SAMPURNA
260
_b
N.D.
_c
1901
650
_a
RASA-SHASTRA
906
_a
N.D.
999
_c
1193647
_d
1193647